[Event "Fagernes op"]
[Site "Fagernes"]
[Date "2024.03.27"]
[Round "5"]
[White "Willow, Jonah B"]
[Black "Raja, Rithvik R"]
[Result "1/2-1/2"]
[WhiteElo "2446"]
[BlackElo "2532"]
[PlyCount "30"]
[EventDate "2024.03.24"]
[EventType "swiss"]
[EventRounds "9"]
[EventCountry "NOR"]
[SourceTitle "CB14_2024"]
[SourceDate "2024.04.01"]
[SourceVersion "1"]
[SourceVersionDate "2024.04.01"]
[SourceQuality "1"]

1. e4 c5 2. Nf3 d6 3. d4 cxd4 4. Nxd4 Nf6 5. Nc3 a6 6. a4 e5 7. Nf3 Be7 8. Bg5 Be6 9. Bxf6 Bxf6 10. Nd5 Nd7 11. Bc4 0-0 12. 0-0 Rc8 13. Ba2 Nb6 14. c3 Nxd5 15. Bxd5 Qb6 1/2-1/2

[Event "Fagernes op"]
[Site "Fagernes"]
[Date "2024.03.25"]
[Round "2"]
[White "Raja, Rithvik R"]
[Black "Doshi, Moksh Amitbhai"]
[Result "1/2-1/2"]
[WhiteElo "2532"]
[BlackElo "2353"]
[PlyCount "116"]
[EventDate "2024.03.24"]
[EventType "swiss"]
[EventRounds "9"]
[EventCountry "NOR"]
[SourceTitle "CB14_2024"]
[SourceDate "2024.04.01"]
[SourceVersion "1"]
[SourceVersionDate "2024.04.01"]
[SourceQuality "1"]

1. e4 e5 2. Nf3 Nc6 3. Bb5 a6 4. Ba4 Nf6 5. 0-0 Be7 6. Re1 b5 7. Bb3 0-0 8. a4 b4 9. d4 d6 10. dxe5 Nxe5 11. Bf4 Ng6 12. Bg3 Bb7 13. Nbd2 a5 14. e5 dxe5 15. Nxe5 Nxe5 16. Bxe5 Bc5 17. Nc4 Ne4 18. Qxd8 Rfxd8 19. Re2 Rd7 20. Rae1 Kf8 21. h3 f6 22. Bf4 g5 23. Be3 Bd5 24. Nd2 Bxe3 25. Nxe4 Bxe4 26. Rxe3 Bd5 27. Bxd5 Rxd5 28. Re6 Rd6 29. Rxd6 cxd6 30. Re6 Rc8 31. Rxd6 Rxc2 32. Rxf6+ Kg7 33. Rf5 h6 34. b3 Rc1+ 35. Kh2 Rc3 36. Rxa5 Rxb3 37. h4 gxh4 38. Rb5 h3 39. g3 Rf3 40. Rxb4 Rxf2+ 41. Kxh3 Ra2 42. g4 Ra3+ 43. Kg2 Kg6 44. Kf2 h5 45. gxh5+ Kxh5 46. Ke2 Kg5 47. Kd2 Kf6 48. Kc2 Ke6 49. Kb2 Rh3 50. Rd4 Ke7 51. a5 Rh5 52. Ra4 Kd6 53. a6 Rh8 54. Kc3 Kc6 55. a7 Ra8 56. Kc4 Kb6 57. Kb4 Rxa7 58. Rxa7 Kxa7 1/2-1/2

[Event "IND-ch Rapid"]
[Site "Nashik"]
[Date "2024.03.05"]
[Round "8"]
[White "Raja, Rithvik R"]
[Black "Das, Arghyadip"]
[Result "1-0"]
[WhiteElo "2387"]
[BlackElo "2289"]
[PlyCount "107"]
[EventDate "2024.03.04"]
[EventType "swiss (rapid)"]
[EventRounds "11"]
[EventCountry "IND"]
[SourceTitle "CB11_2024"]
[SourceDate "2024.03.13"]
[SourceVersion "1"]
[SourceVersionDate "2024.03.13"]
[SourceQuality "1"]

1. d4 e6 2. c4 Nf6 3. Nf3 d5 4. g3 dxc4 5. Bg2 Bb4+ 6. Bd2 a5 7. Qc2 b5 8. a4 Bxd2+ 9. Nfxd2 Ra7 10. axb5 Qxd4 11. 0-0 0-0 12. Nxc4 Qc5 13. Nba3 Nbd7 14. Rfc1 Qb4 15. Qc3 Nd5 16. Qxb4 Nxb4 17. Nc2 Nxc2 18. Rxc2 a4 19. Rc3 Bb7 20. Bxb7 Rxb7 21. Na3 Nb6 22. Rac1 Rc8 23. e4 Kf8 24. f4 Ke7 25. Kf2 Kd7 26. Rd3+ Ke7 27. Ke3 h5 28. Rc5 Rh8 29. h4 Nd7 30. Rc4 Nb6 31. Rc6 Rd8 32. Rxd8 Kxd8 33. Kd4 Ra7 34. Kc3 Nc8 35. Nc4 Ne7 36. Ra6 Rxa6 37. bxa6 Kc8 38. Kb4 Kb8 39. Kxa4 Nc6 40. Ne5 Nd4 41. Nxf7 Ka7 42. Ka5 Nc6+ 43. Kb5 Nd4+ 44. Kc5 Ne2 45. Ng5 Nxg3 46. Kd4 Nf1 47. Nxe6 Nd2 48. Nxg7 Nf3+ 49. Kd5 Nxh4 50. Nxh5 Kxa6 51. Kc6 Nf3 52. e5 Nd4+ 53. Kxc7 Kb5 54. Kd7 1-0

[Event "IND-ch Rapid"]
[Site "Nashik"]
[Date "2024.03.05"]
[Round "7"]
[White "Sammed Jaykumar, Shete"]
[Black "Raja, Rithvik R"]
[Result "1/2-1/2"]
[WhiteElo "2262"]
[BlackElo "2387"]
[PlyCount "73"]
[EventDate "2024.03.04"]
[EventType "swiss (rapid)"]
[EventRounds "11"]
[EventCountry "IND"]
[SourceTitle "CB11_2024"]
[SourceDate "2024.03.13"]
[SourceVersion "1"]
[SourceVersionDate "2024.03.13"]
[SourceQuality "1"]

1. e4 c5 2. c3 Nf6 3. e5 Nd5 4. Nf3 d6 5. exd6 e6 6. g3 Bxd6 7. Bg2 0-0 8. d4 Nc6 9. 0-0 cxd4 10. Nxd4 Nxd4 11. Qxd4 Qc7 12. c4 Be5 13. Qe4 Nf6 14. Qe2 Bd7 15. Nd2 Rac8 16. Nf3 Bd6 17. b3 Bc6 18. Bb2 Qe7 19. Rad1 Rfd8 20. Ng5 Bxg2 21. Kxg2 h6 22. Bxf6 Qxf6 23. Ne4 Qe7 24. Nxd6 Rxd6 25. Rxd6 Qxd6 26. Rd1 Qc7 27. Qd3 a6 28. Qd7 Qxd7 29. Rxd7 b5 30. cxb5 axb5 31. Rb7 Ra8 32. Rxb5 Rxa2 33. h4 g6 34. Kf3 Kg7 35. g4 Rb2 36. g5 Rb1 37. Kg2 1/2-1/2

[Event "IND-ch Rapid"]
[Site "Nashik"]
[Date "2024.03.04"]
[Round "3"]
[White "Kiran, Manisha Mohanty"]
[Black "Raja, Rithvik R"]
[Result "0-1"]
[WhiteElo "2162"]
[BlackElo "2387"]
[PlyCount "60"]
[EventDate "2024.03.04"]
[EventType "swiss (rapid)"]
[EventRounds "11"]
[EventCountry "IND"]
[SourceTitle "CB11_2024"]
[SourceDate "2024.03.13"]
[SourceVersion "1"]
[SourceVersionDate "2024.03.13"]
[SourceQuality "1"]

1. e4 c5 2. Nf3 d6 3. d4 cxd4 4. Nxd4 Nf6 5. Nc3 a6 6. Bg5 e6 7. Qe2 h6 8. Bh4 Be7 9. 0-0-0 Nbd7 10. Kb1 Qc7 11. f4 b5 12. a3 Bb7 13. g4 Rc8 14. Bg2 Qc4 15. Qxc4 Rxc4 16. h3 Rxc3 17. Bxf6 Nxf6 18. bxc3 Nxe4 19. Bxe4 Bxe4 20. Rhe1 d5 21. Kb2 h5 22. g5 g6 23. h4 0-0 24. Nc6 Bc5 25. Nd4 Rc8 26. Rd2 Bb6 27. Rde2 Rc4 28. Rxe4 dxe4 29. Rxe4 Ra4 30. Nxe6 Rxe4 0-1

[Event "Titled Tuesday intern op 13th Feb Early"]
[Site "Chess.com INT"]
[Date "2024.02.13"]
[Round "1"]
[White "Astafurov, Arseniy"]
[Black "Raja, Rithvik R"]
[Result "0-1"]
[WhiteElo "2263"]
[BlackElo "2532"]
[PlyCount "74"]
[EventDate "2024.02.13"]
[EventType "swiss (blitz)"]
[EventRounds "11"]
[EventCountry "USA"]
[SourceTitle "CB08_2024"]
[SourceDate "2024.02.21"]
[SourceVersion "1"]
[SourceVersionDate "2024.02.21"]
[SourceQuality "1"]

1. c4 e6 2. Nf3 d5 3. g3 Nf6 4. Bg2 Be7 5. 0-0 0-0 6. d4 dxc4 7. Qc2 a6 8. a4 Nc6 9. Qxc4 Na5 10. Qc2 b6 11. Nc3 Bb7 12. Rd1 Nd5 13. e4 Nb4 14. Qe2 Nb3 15. Rb1 a5 16. Qc4 Nxc1 17. Rbxc1 Ba6 18. Qb3 Rc8 19. Ne5 Qe8 20. h4 c5 21. dxc5 Bxc5 22. Rd2 f6 23. Nf3 Bc4 24. Qd1 Rd8 25. Rxd8 Qxd8 26. Nb5 Qxd1+ 27. Rxd1 Bb3 28. Rd7 Bxa4 29. Bf1 Bc2 30. e5 Be4 31. Nd2 Bc6 32. Rc7 fxe5 33. Rxc6 Nxc6 34. Ne4 Nd4 35. Nc7 Rc8 36. Nxe6 Nxe6 37. Bc4 Bxf2+ 0-1

[Event "Titled Tuesday intern op 13th Feb Early"]
[Site "Chess.com INT"]
[Date "2024.02.13"]
[Round "4"]
[White "Palencia Morales, Wilson Guillermo"]
[Black "Raja, Rithvik R"]
[Result "0-1"]
[WhiteElo "2180"]
[BlackElo "2532"]
[PlyCount "56"]
[EventDate "2024.02.13"]
[EventType "swiss (blitz)"]
[EventRounds "11"]
[EventCountry "USA"]
[SourceTitle "CB08_2024"]
[SourceDate "2024.02.21"]
[SourceVersion "1"]
[SourceVersionDate "2024.02.21"]
[SourceQuality "1"]

1. d4 e6 2. Nf3 d5 3. c4 Nf6 4. Nc3 a6 5. cxd5 exd5 6. Bg5 Be6 7. e3 Nbd7 8. Qc2 Bd6 9. Bf4 Qe7 10. Be2 0-0 11. 0-0 Rfe8 12. Bxd6 Qxd6 13. Na4 Ne4 14. Nd2 Nxd2 15. Qxd2 Bf5 16. Rfc1 c6 17. Bd3 Bxd3 18. Qxd3 g6 19. Nc5 Nxc5 20. Rxc5 f5 21. g3 h5 22. h4 Re4 23. Qb3 Qe7 24. a4 Rf8 25. Re1 Rxd4 26. exd4 Qxe1+ 27. Kg2 f4 28. gxf4 Rxf4 0-1

[Event "Titled Tuesday intern op 13th Feb Early"]
[Site "Chess.com INT"]
[Date "2024.02.13"]
[Round "5"]
[White "Raja, Rithvik R"]
[Black "Andreev, Konstantin1"]
[Result "1-0"]
[WhiteElo "2532"]
[BlackElo "2228"]
[PlyCount "37"]
[EventDate "2024.02.13"]
[EventType "swiss (blitz)"]
[EventRounds "11"]
[EventCountry "USA"]
[SourceTitle "CB08_2024"]
[SourceDate "2024.02.21"]
[SourceVersion "1"]
[SourceVersionDate "2024.02.21"]
[SourceQuality "1"]

1. Nf3 Nf6 2. b3 e6 3. Bb2 b5 4. e3 a6 5. c4 bxc4 6. Bxc4 Bb7 7. 0-0 Be7 8. d4 0-0 9. Qe2 c5 10. dxc5 Bxc5 11. Nc3 d5 12. Bd3 Nc6 13. Rac1 Qe7 14. Bb1 e5 15. Nxd5 Nxd5 16. Qc2 e4 17. Qxe4 Nf6 18. Bxf6 Qxf6 19. Qxh7# 1-0

[Event "Titled Tuesday intern op 13th Feb Early"]
[Site "Chess.com INT"]
[Date "2024.02.13"]
[Round "8"]
[White "Raja, Rithvik R"]
[Black "Vardanyan, Aras"]
[Result "1-0"]
[WhiteElo "2532"]
[BlackElo "2299"]
[PlyCount "113"]
[EventDate "2024.02.13"]
[EventType "swiss (blitz)"]
[EventRounds "11"]
[EventCountry "USA"]
[SourceTitle "CB08_2024"]
[SourceDate "2024.02.21"]
[SourceVersion "1"]
[SourceVersionDate "2024.02.21"]
[SourceQuality "1"]

1. Nf3 Nf6 2. b3 b6 3. Bb2 Bb7 4. g3 g6 5. Bg2 Bg7 6. 0-0 0-0 7. c4 c5 8. d4 cxd4 9. Qxd4 d6 10. Rd1 Nbd7 11. Nc3 Rc8 12. Qd2 a6 13. Rac1 Rc5 14. Qe1 b5 15. Ba3 Rh5 16. cxb5 axb5 17. Bb4 Ne4 18. Nxe4 Bxe4 19. Ba5 Qa8 20. Rc7 Rd8 21. g4 Rd5 22. Rxd5 Bxd5 23. Qb4 Nc5 24. Rxe7 Rc8 25. Qxb5 Rb8 26. Bb6 Qxa2 27. Re8+ Rxe8 28. Qxe8+ Bf8 29. Bxc5 dxc5 30. Ne5 Be6 31. Nd7 Bxd7 32. Qxd7 Qb1+ 33. Bf1 Qxb3 34. e3 c4 35. Qd5 Qb4 36. Bxc4 Qe7 37. Kg2 h6 38. Qc6 Kh7 39. Qd5 Kg8 40. h4 Bg7 41. h5 gxh5 42. Qxh5 Qf6 43. Qd5 Qe7 44. Qa8+ Bf8 45. Bd3 Qf6 46. Qe4 Qg7 47. Qf5 Be7 48. f4 Bf8 49. Kf3 Be7 50. e4 Qf6 51. Qc8+ Kg7 52. e5 Qb6 53. Qd7 Qc5 54. Qf5 Qd5+ 55. Kg3 Kf8 56. Qh7 Qe6 57. Qh8# 1-0

[Event "Titled Tuesday intern op 06th Feb Early"]
[Site "Chess.com INT"]
[Date "2024.02.06"]
[Round "6"]
[White "Raja, Rithvik R"]
[Black "Martinez Alcantara, Jose Eduardo"]
[Result "0-1"]
[WhiteElo "2532"]
[BlackElo "2610"]
[PlyCount "80"]
[EventDate "2024.02.06"]
[EventType "swiss (blitz)"]
[EventRounds "11"]
[EventCountry "USA"]
[SourceTitle "CB07_2024"]
[SourceDate "2024.02.14"]
[SourceVersion "1"]
[SourceVersionDate "2024.02.14"]
[SourceQuality "1"]

1. Nf3 c5 2. e3 Nf6 3. d4 e6 4. Be2 b6 5. 0-0 Bb7 6. b3 Be7 7. Bb2 0-0 8. Nbd2 d6 9. c4 Nbd7 10. Qc2 Rc8 11. Rad1 a6 12. Rfe1 cxd4 13. exd4 Re8 14. Qb1 h6 15. Bf1 Qc7 16. g3 Bf8 17. Bg2 Qb8 18. b4 b5 19. c5 Qa8 20. Nh4 Bxg2 21. Nxg2 a5 22. a3 axb4 23. axb4 Nd5 24. Ne4 Nxb4 25. cxd6 Nd5 26. Rc1 Qa6 27. Ne3 Nxe3 28. Rxe3 Rxc1+ 29. Qxc1 Bxd6 30. Rc3 Bf8 31. Rc7 Rd8 32. Qf4 f5 33. Qh4 Qa8 34. d5 fxe4 35. dxe6 e3 36. fxe3 Nf6 37. Bxf6 Rd1+ 38. Kf2 Qa2+ 39. Kf3 Rf1+ 40. Kg4 Qxe6+ 0-1

[Event "Titled Tuesday intern op 06th Feb Early"]
[Site "Chess.com INT"]
[Date "2024.02.06"]
[Round "10"]
[White "Yurovskich, Oleksandr"]
[Black "Raja, Rithvik R"]
[Result "0-1"]
[WhiteElo "2328"]
[BlackElo "2532"]
[PlyCount "52"]
[EventDate "2024.02.06"]
[EventType "swiss (blitz)"]
[EventRounds "11"]
[EventCountry "USA"]
[SourceTitle "CB07_2024"]
[SourceDate "2024.02.14"]
[SourceVersion "1"]
[SourceVersionDate "2024.02.14"]
[SourceQuality "1"]

1. d4 Nf6 2. Nf3 d5 3. c3 e6 4. Bf4 c5 5. e3 Nc6 6. Nbd2 Bd6 7. Bg3 0-0 8. Bb5 Be7 9. Bd3 Nh5 10. Qe2 g6 11. Rd1 f5 12. Be5 Nxe5 13. Nxe5 Bd6 14. f4 c4 15. Bc2 b5 16. 0-0 b4 17. Ndf3 Nf6 18. cxb4 Qb6 19. b3 cxb3 20. axb3 Qxb4 21. Ra1 a5 22. Ra4 Ba6 23. Qf2 Qc3 24. Rfa1 Bb5 25. R4a2 Bb4 26. Bb1 Qc1+ 0-1

[Event "Chessable Masters Play In"]
[Site "Chess.com INT"]
[Date "2024.01.31"]
[Round "9"]
[White "Raja, Rithvik R"]
[Black "Fridman, Daniel"]
[Result "1-0"]
[WhiteElo "2522"]
[BlackElo "2588"]
[PlyCount "73"]
[EventDate "2024.01.31"]
[EventType "swiss (rapid)"]
[EventRounds "9"]
[EventCountry "USA"]
[SourceTitle "CB06_2024"]
[SourceDate "2024.02.07"]
[SourceVersion "1"]
[SourceVersionDate "2024.02.07"]
[SourceQuality "1"]

1. d4 d5 2. c4 e6 3. Nf3 Nf6 4. g3 a6 5. Bg2 dxc4 6. Ne5 Bb4+ 7. Nc3 Nd5 8. 0-0 b5 9. Nxd5 exd5 10. Nxc4 0-0 11. Ne5 Bb7 12. Nd3 Bd6 13. Bf4 Nd7 14. Rc1 Re8 15. e3 Rc8 16. Bxd6 cxd6 17. Qb3 Rc4 18. Qa3 Qb6 19. b3 Rcc8 20. Bh3 Rxc1 21. Rxc1 Nf6 22. b4 Ne4 23. Rc2 Re7 24. Qa5 Qxa5 25. bxa5 Re8 26. Nb4 Kf8 27. Bd7 Rd8 28. Rc7 Rb8 29. Bc6 Bxc6 30. Rxc6 Nd2 31. Rxd6 g5 32. Rxa6 g4 33. Rb6 Ra8 34. a6 Kg7 35. Rxb5 Ne4 36. Rb6 Rc8 37. Nc6 1-0

[Event "Titled Tuesday intern op 16th Jan Early"]
[Site "Chess.com INT"]
[Date "2024.01.16"]
[Round "4"]
[White "Raja, Rithvik R"]
[Black "Shubenkova, Veronika"]
[Result "1-0"]
[WhiteElo "2522"]
[BlackElo "2007"]
[PlyCount "93"]
[EventDate "2024.01.16"]
[EventType "swiss (blitz)"]
[EventRounds "11"]
[EventCountry "USA"]
[SourceTitle "CB04_2024"]
[SourceDate "2023.10.16"]
[SourceVersion "1"]
[SourceVersionDate "2023.10.16"]
[SourceQuality "1"]

1. Nf3 d5 2. e3 e6 3. c4 c6 4. b3 f5 5. Bb2 Nf6 6. Be2 Be7 7. 0-0 0-0 8. d3 Nbd7 9. Nd4 Nb6 10. f4 Bd7 11. a3 a5 12. Nd2 c5 13. N4f3 Bc6 14. Ne5 Nfd7 15. Ndf3 Nxe5 16. Nxe5 Nd7 17. Nxc6 bxc6 18. Qc2 Bf6 19. d4 cxd4 20. exd4 Qb6 21. c5 Qb7 22. Bc3 Rfb8 23. b4 Qa7 24. Rfb1 a4 25. Kh1 Bd8 26. b5 cxb5 27. Bxb5 Nf6 28. Bc6 Rxb1+ 29. Rxb1 Rb8 30. Rxb8 Qxb8 31. Bxa4 Ne4 32. g3 Qa7 33. Bb2 Qa5 34. Kg2 g5 35. fxg5 Nxg5 36. Bc3 Qa6 37. c6 Ne4 38. Bb4 Bc7 39. Be7 f4 40. gxf4 Bxf4 41. Bd8 Qa7 42. c7 Bxc7 43. Bxc7 Qxd4 44. Bg3 h5 45. Bd7 Nc5 46. Qg6+ Kf8 47. Bd6# 1-0

[Event "Sitges Sunway op 10th"]
[Site "Sitges"]
[Date "2023.12.21"]
[Round "9"]
[White "Raja, Rithvik R"]
[Black "Mendonca, Leon Luke"]
[Result "1-0"]
[WhiteElo "2500"]
[BlackElo "2611"]
[PlyCount "135"]
[EventDate "2023.12.12"]
[EventType "swiss"]
[EventRounds "10"]
[EventCountry "ESP"]
[SourceTitle "CB52_2023"]
[SourceDate "2023.12.27"]
[SourceVersion "1"]
[SourceVersionDate "2023.12.27"]
[SourceQuality "1"]

1. d4 Nf6 2. c4 e6 3. g3 d5 4. Nf3 Bb4+ 5. Bd2 Bd6 6. Bg2 0-0 7. 0-0 c6 8. Nc3 dxc4 9. e4 Be7 10. a4 c5 11. e5 Nd5 12. dxc5 Na6 13. Ne4 Bd7 14. Qc2 Rc8 15. Qxc4 Nxc5 16. Nxc5 Rxc5 17. Qg4 f5 18. exf6 Nxf6 19. Qd4 a5 20. Bc3 Rd5 21. Qe3 Bc5 22. Qe2 Rd6 23. Nd2 Bc6 24. Nc4 Bxg2 25. Kxg2 Ra6 26. Qe5 Qd5+ 27. Qxd5 Nxd5 28. Bd2 b6 29. Rae1 Rf6 30. Re2 Ra7 31. Rfe1 Raf7 32. f4 Re7 33. b3 Kf8 34. Ne5 Kg8 35. h4 Bd6 36. Ng4 Rg6 37. Kf3 h5 38. Nf2 e5 39. fxe5 Bb4 40. Nd3 Rf7+ 41. Kg2 Bxd2 42. Rxd2 Re7 43. Nb2 Nf4+ 44. Kh2 Ne6 45. Nc4 Nc5 46. Re3 Rc6 47. Rd8+ Kf7 48. Kg2 Kg6 49. Rd4 Kf5 50. Kf3 Rec7 51. Ke2 Re7 52. Rf3+ Kg6 53. Kd2 Ree6 54. Kc3 Kh7 55. Rd8 Re7 56. Re3 Rec7 57. Rd4 Kg8 58. Rf3 Kh7 59. Rf5 Kg6 60. Rg5+ Kh6 61. Rd6+ Ne6 62. Rf5 Kg6 63. Rf3 Rc8 64. Kd3 Kh7 65. Ke4 Nc5+ 66. Kd5 R6c7 67. Nxb6 Re8 68. Rc3 1-0